000 00724pam a2200229 a 4500
001 614054
005 20180815045405.0
008 920205s1993 nyua 001 0 eng
010 _a 92006638
020 _a0070455597 :
_c$49.95
040 _aDLC
_cDLC
_dDLC
041 _aeng
080 _a330
082 0 0 _a330
_220
100 1 _a52
101 _aECO
245 1 0 _aEconomics :
_cCampbell R. McConnell, Stanley R. Brue.
504 _aIncludes bibliographical references and index.
906 _a7
_bcbc
_corignew
_d1
_eocip
_f19
_gy-gencatlg
942 _2ddc
_cBK
999 _c47175
_d47175